Normal view MARC view
  • Lam G Ed

Entry Personal Name

Number of records used in: 1

001 - CONTROL NUMBER

  • control field: 214794

003 - CONTROL NUMBER IDENTIFIER

  • control field: OSt

005 - DATE AND TIME OF LATEST TRANSACTION

  • control field: 20251104113839.0

008 - FIXED-LENGTH DATA ELEMENTS

  • fixed length control field: 251104|| aca||aabn | a|a d

040 ## - CATALOGING SOURCE

  • Original cataloging agency: OSt
  • Transcribing agency: OSt

100 ## - HEADING--PERSONAL NAME

  • Personal name: Lam G Ed

670 ## - SOURCE DATA FOUND

  • Source citation: Work cat.: (OSt)369064: Lam G Ed., Landscape Design UK, 2007